| 000 | 00735nam a2200241 4500 | ||
|---|---|---|---|
| 001 | 1735776 | ||
| 003 | GBCCL | ||
| 005 | 20241126110337.0 | ||
| 008 | 710528s1971 tnu b 001 0 eng | ||
| 010 | _a 74148069 | ||
| 020 | _a068737121X | ||
| 040 |
_aDLC _cDLC _dDLC |
||
| 050 | 0 | 0 |
_aBT75.2 _b.P67 |
| 082 | 0 | 0 |
_a230 _bPOR |
| 100 | 1 |
_aPorteous, Alvin C., _d1922- _9597 |
|
| 245 | 1 | 4 |
_aThe search for Christian credibility; _bexplorations in contemporary belief _c[by] Alvin C. Porteous. |
| 260 |
_aNashville, _bAbingdon Press _c[1971] |
||
| 300 |
_a207 p. _c20 cm. |
||
| 504 | _aIncludes bibliographical references. | ||
| 650 | 0 |
_aTheology, Doctrinal. _914 |
|
| 906 |
_a7 _bcbc _corignew _d2 _encip _f19 _gy-gencatlg |
||
| 942 |
_2ddc _cBK _03 |
||
| 999 |
_c419 _d419 |
||